[Event "PokerStars Masters 2nd"]
[Site "Douglas"]
[Date "2015.10.04"]
[Round "2.41"]
[White "Ottosen, David"]
[Black "Ansell, Simon"]
[Result "1/2-1/2"]
[WhiteElo "2096"]
[BlackElo "2360"]
[PlyCount "91"]
[EventDate "2015.10.03"]
[EventType "swiss"]
[EventRounds "9"]
[EventCountry "IOM"]
[SourceTitle "twic1065-1099"]
[Source "Mark Crowther"]
[SourceDate "2015.12.04"]
[SourceVersion "1"]
[SourceVersionDate "2015.12.04"]
[SourceQuality "1"]

1. e4 c5 2. Nf3 Nc6 3. d4 cxd4 4. Nxd4 e5 5. Nb5 d6 6. c4 Be7 7. N1c3 a6 8. Na3
Nf6 9. Be2 O-O 10. Nc2 Be6 11. O-O Rc8 12. b3 b5 13. cxb5 axb5 14. Qd3 Na7 15.
Ne3 b4 16. Ncd5 Nc6 17. Nc2 Rb8 18. Bd2 Bxd5 19. exd5 e4 20. Qe3 Nxd5 21. Qxe4
Nc3 22. Bxc3 d5 23. Qd3 bxc3 24. Bf3 Bf6 25. Qxd5 Ne5 26. Rfd1 Qc8 27. Be4 Rd8
28. Qa5 Qg4 29. f3 Qg5 30. Qa7 Ng6 31. Qe3 Qa5 32. b4 Qc7 33. a4 Be5 34. a5
Bxh2+ 35. Kf1 Qc4+ 36. Qe2 Qe6 37. Nd4 Rxd4 38. Rxd4 Be5 39. Bxg6 Bxd4 40. Qxe6
fxe6 41. Bc2 Rxb4 42. Ke2 Rb7 43. Kd3 e5 44. a6 Rc7 45. f4 Ba7 46. fxe5 1/2-1/2

[Event "PokerStars Masters 2nd"]
[Site "Douglas"]
[Date "2015.10.04"]
[Round "2.42"]
[White "Berry, Neil"]
[Black "Cafolla, Peter"]
[Result "1-0"]
[WhiteElo "2355"]
[BlackElo "2067"]
[PlyCount "57"]
[EventDate "2015.10.03"]
[EventType "swiss"]
[EventRounds "9"]
[EventCountry "IOM"]
[SourceTitle "twic1065-1099"]
[Source "Mark Crowther"]
[SourceDate "2015.12.04"]
[SourceVersion "1"]
[SourceVersionDate "2015.12.04"]
[SourceQuality "1"]

1. d4 d5 2. c4 e6 3. Nc3 c5 4. cxd5 exd5 5. Nf3 Nc6 6. g3 Nf6 7. Bg2 Be7 8. O-O
O-O 9. dxc5 Bxc5 10. a3 Ne4 11. Nxd5 Be6 12. Nc3 Qxd1 13. Nxd1 Bc4 14. Re1 Rfe8
15. Be3 Bxe3 16. Nxe3 Bb3 17. Nf5 Rad8 18. e3 Na5 19. N5d4 Ba4 20. Rac1 Re7 21.
b4 Nc6 22. Nxc6 Bxc6 23. Red1 Rxd1+ 24. Rxd1 f6 25. Nd4 Ba4 26. Nf5 Re8 27. Rc1
Bd7 28. Bxe4 Rxe4 29. Nd6 1-0

[Event "PokerStars Masters 2nd"]
[Site "Douglas"]
[Date "2015.10.04"]
[Round "2.43"]
[White "Hewson, Brian Wr"]
[Black "Ciuksyte, Dagne"]
[Result "1/2-1/2"]
[WhiteElo "2059"]
[BlackElo "2354"]
[PlyCount "160"]
[EventDate "2015.10.03"]
[EventType "swiss"]
[EventRounds "9"]
[EventCountry "IOM"]
[SourceTitle "twic1065-1099"]
[Source "Mark Crowther"]
[SourceDate "2015.12.04"]
[SourceVersion "1"]
[SourceVersionDate "2015.12.04"]
[SourceQuality "1"]

1. d4 Nf6 2. Nf3 e6 3. c3 b6 4. Bg5 h6 5. Bh4 Bb7 6. e3 Be7 7. Nbd2 c5 8. Bd3
O-O 9. O-O Nc6 10. Qe2 cxd4 11. exd4 Nh5 12. Bxe7 Nxe7 13. g3 Nf6 14. Ne4 Nxe4
15. Bxe4 Qc7 16. Bxb7 Qxb7 17. Rfe1 b5 18. Ne5 Nd5 19. a4 d6 20. Nd3 a6 21.
axb5 axb5 22. Qd2 Ra7 23. Nf4 Nf6 24. Qe2 Rfa8 25. Rxa7 Rxa7 26. Nd3 Qd5 27.
Nb4 Qf5 28. Kg2 Kf8 29. Qf3 Qxf3+ 30. Kxf3 Ke8 31. h3 Kd7 32. Ke3 Ne8 33. Kd3
Nc7 34. f4 Na8 35. Kc2 Nb6 36. Kb3 Nc4 37. Kc2 Ra8 38. Kb3 Ra4 39. Kc2 Ra7 40.
b3 Nb6 41. Kb2 Nc8 42. g4 Ne7 43. f5 Ng8 44. fxe6+ fxe6 45. Nd3 Ra8 46. Nf4 Re8
47. Nd3 Rf8 48. Ra1 Ne7 49. Ra7+ Kd8 50. Rb7 Rf3 51. Kc2 g5 52. Rxb5 Rxh3 53.
Rb8+ Kc7 54. Rf8 Nd5 55. Kd2 Kd7 56. c4 Ke7 57. Rf1 Nf6 58. Rg1 Ne4+ 59. Ke2
Rh2+ 60. Ke3 Nd2 61. Nc1 Nxb3 62. Nxb3 Rh3+ 63. Ke4 Rxb3 64. Rh1 Rc3 65. Rxh6
Rxc4 66. Kd3 Ra4 67. Rh7+ Kf6 68. Rh6+ Kf7 69. d5 e5 70. Rxd6 Rxg4 71. Ke3 Rd4
72. Kf3 Rf4+ 73. Kg3 Rf6 74. Rd7+ Kg6 75. Rd8 Rf4 76. d6 Rd4 77. d7 Kf7 78. Re8
Rxd7 79. Rxe5 Kg6 80. Ra5 Kh5 1/2-1/2

[Event "PokerStars Masters 2nd"]
[Site "Douglas"]
[Date "2015.10.04"]
[Round "2.44"]
[White "Vuilleumier, Alexandre"]
[Black "Logallo, Claudio"]
[Result "1-0"]
[WhiteElo "2345"]
[BlackElo "2067"]
[PlyCount "113"]
[EventDate "2015.10.03"]
[EventType "swiss"]
[EventRounds "9"]
[EventCountry "IOM"]
[SourceTitle "twic1065-1099"]
[Source "Mark Crowther"]
[SourceDate "2015.12.04"]
[SourceVersion "1"]
[SourceVersionDate "2015.12.04"]
[SourceQuality "1"]

1. e4 c5 2. Nf3 d6 3. d4 cxd4 4. Nxd4 Nf6 5. Nc3 a6 6. h3 e5 7. Nde2 h5 8. Bg5
Be7 9. Bxf6 Bxf6 10. Nd5 Bg5 11. Nec3 Be6 12. Bc4 Nd7 13. O-O Rc8 14. Qe2 Rc6
15. Bb3 Nb6 16. Nxb6 Rxb6 17. Rfd1 Qc8 18. Rd3 Be7 19. Rg3 Bf6 20. Rd1 Ke7 21.
Na4 Rc6 22. Bxe6 fxe6 23. c4 Qc7 24. b3 h4 25. Rgd3 b5 26. c5 Rd8 27. cxd6+
Rcxd6 28. Rxd6 Rxd6 29. Rxd6 Qxd6 30. Nb2 Qb4 31. Kf1 Qc3 32. Nd1 Qd4 33. Qc2
Bg5 34. Ke2 Kf7 35. Qd3 Qb4 36. Kf3 Qe7 37. Nc3 Qf6+ 38. Ke2 Qf4 39. Qf3 Ke7
40. Qxf4 Bxf4 41. a4 bxa4 42. Nxa4 Kd6 43. Kd3 Kc6 44. Kc4 Bh2 45. Nc5 Bg1 46.
Nd3 Kb6 47. b4 g5 48. g4 Bh2 49. Nc5 Bf4 50. Nxe6 Bd2 51. Nc5 Kc6 52. Nxa6 Be1
53. f3 Bf2 54. Nc5 Bg1 55. Nd3 Bd4 56. f4 gxf4 57. Nxf4 1-0

[Event "PokerStars Masters 2nd"]
[Site "Douglas"]
[Date "2015.10.04"]
[Round "2.45"]
[White "Sipos, Silvester"]
[Black "Mannion, Stephen R"]
[Result "0-1"]
[WhiteElo "2003"]
[BlackElo "2344"]
[PlyCount "83"]
[EventDate "2015.10.03"]
[EventType "swiss"]
[EventRounds "9"]
[EventCountry "IOM"]
[SourceTitle "twic1065-1099"]
[Source "Mark Crowther"]
[SourceDate "2015.12.04"]
[SourceVersion "1"]
[SourceVersionDate "2015.12.04"]
[SourceQuality "1"]

1. e4 e5 2. Nf3 Nc6 3. Bb5 a6 4. Ba4 Nf6 5. O-O Be7 6. c3 Nxe4 7. Re1 Nf6 8.
Nxe5 Nxe5 9. Rxe5 O-O 10. d4 d5 11. Bg5 c6 12. Nd2 Be6 13. Bc2 Re8 14. Qe2 Nd7
15. Bxe7 Qxe7 16. Re3 Nf6 17. Re1 Qd7 18. Qd3 g6 19. Nf1 Bf5 20. Qd1 Bxc2 21.
Qxc2 Kg7 22. h3 Re4 23. f3 Rxe3 24. Rxe3 Re8 25. Qe2 Rxe3 26. Qxe3 Qd6 27. Kf2
Nh5 28. g3 f5 29. Qe5+ Qxe5 30. dxe5 g5 31. f4 gxf4 32. g4 fxg4 33. hxg4 Ng3
34. Nxg3 fxg3+ 35. Kxg3 Kf7 36. b4 Ke6 37. Kf4 h6 38. a3 b6 39. a4 a5 40. Kf3
Kxe5 41. Ke3 c5 42. bxc5 0-1

[Event "PokerStars Masters 2nd"]
[Site "Douglas"]
[Date "2015.10.04"]
[Round "2.46"]
[White "Tate, Alan"]
[Black "Harari, Zaki"]
[Result "1-0"]
[WhiteElo "2341"]
[BlackElo "2053"]
[PlyCount "55"]
[EventDate "2015.10.03"]
[EventType "swiss"]
[EventRounds "9"]
[EventCountry "IOM"]
[SourceTitle "twic1065-1099"]
[Source "Mark Crowther"]
[SourceDate "2015.12.04"]
[SourceVersion "1"]
[SourceVersionDate "2015.12.04"]
[SourceQuality "1"]

1. e4 d6 2. d4 Nf6 3. Nc3 g6 4. Be3 Bg7 5. Qd2 O-O 6. O-O-O Nbd7 7. f3 e5 8. d5
a6 9. g4 b5 10. h4 b4 11. Nce2 a5 12. Ng3 Nc5 13. h5 Bd7 14. Qh2 Bxg4 15. hxg6
Bd7 16. gxf7+ Rxf7 17. Bxc5 dxc5 18. Bc4 Qe8 19. Nh3 Bh6+ 20. Kb1 Kh8 21. Nf2
Bf4 22. Nd3 Bb5 23. Bxb5 Qxb5 24. Nxf4 exf4 25. Nf5 a4 26. e5 Qc4 27. e6 Rff8
28. Qh6 1-0

[Event "PokerStars Masters 2nd"]
[Site "Douglas"]
[Date "2015.10.04"]
[Round "2.47"]
[White "Johnson, Paul A"]
[Black "Zozulia, Anna"]
[Result "0-1"]
[WhiteElo "1882"]
[BlackElo "2335"]
[PlyCount "90"]
[EventDate "2015.10.03"]
[EventType "swiss"]
[EventRounds "9"]
[EventCountry "IOM"]
[SourceTitle "twic1065-1099"]
[Source "Mark Crowther"]
[SourceDate "2015.12.04"]
[SourceVersion "1"]
[SourceVersionDate "2015.12.04"]
[SourceQuality "1"]

1. d4 d6 2. Nf3 Nd7 3. e4 c5 4. c3 Qc7 5. Bd3 g6 6. O-O Bg7 7. Be3 Ngf6 8. h3
O-O 9. Nbd2 a6 10. a4 b6 11. Re1 e6 12. Qe2 Bb7 13. Rac1 c4 14. Bxc4 Nxe4 15.
Nxe4 Bxe4 16. Ng5 Bb7 17. Bd3 Nf6 18. Bf4 Nd5 19. Bh2 Rfe8 20. f4 Qc6 21. Qc2
Rac8 22. Re2 b5 23. axb5 axb5 24. Rce1 b4 25. f5 exf5 26. Rxe8+ Rxe8 27. Rxe8+
Qxe8 28. Nf3 bxc3 29. bxc3 Qc6 30. c4 Nb4 31. Qe2 Nxd3 32. Qxd3 Qb6 33. Bf4
Bxf3 34. Qxf3 Qxd4+ 35. Kh2 Qxf4+ 36. Qxf4 Be5 37. g3 Bxf4 38. gxf4 f6 39. Kg3
g5 40. Kf3 Kf7 41. Ke3 Ke6 42. Kf3 h5 43. Kg3 Kd7 44. Kf3 Kc6 45. Ke3 Kc5 0-1

[Event "PokerStars Masters 2nd"]
[Site "Douglas"]
[Date "2015.10.04"]
[Round "2.48"]
[White "Merry, Alan B"]
[Black "Fox, Anthony"]
[Result "1-0"]
[WhiteElo "2335"]
[BlackElo "2031"]
[PlyCount "75"]
[EventDate "2015.10.03"]
[EventType "swiss"]
[EventRounds "9"]
[EventCountry "IOM"]
[SourceTitle "twic1065-1099"]
[Source "Mark Crowther"]
[SourceDate "2015.12.04"]
[SourceVersion "1"]
[SourceVersionDate "2015.12.04"]
[SourceQuality "1"]

1. b3 e5 2. Bb2 d6 3. e3 Nf6 4. c4 g6 5. g3 Bg7 6. Bg2 O-O 7. Ne2 Nc6 8. Nbc3
Bf5 9. d4 Qc8 10. h3 h5 11. d5 Ne7 12. f3 Bd7 13. g4 hxg4 14. hxg4 Nxg4 15.
fxg4 Bxg4 16. Qd2 f5 17. O-O-O a6 18. Qe1 Qd7 19. Qh4 Kf7 20. Rdf1 Bxe2 21.
Nxe2 Rh8 22. Qg3 Rag8 23. Rxh8 Rxh8 24. Bh3 b5 25. e4 bxc4 26. exf5 gxf5 27.
Bxf5 Nxf5 28. Qg4 cxb3 29. Rxf5+ Ke8 30. axb3 Kd8 31. Kb1 Kc8 32. Qf3 Bh6 33.
Nc3 Bf4 34. Rf6 Qh7+ 35. Ka2 Qc2 36. Qf1 Kb7 37. Qc4 Rb8 38. Qc6+ 1-0

[Event "PokerStars Masters 2nd"]
[Site "Douglas"]
[Date "2015.10.04"]
[Round "2.49"]
[White "Klein, Gernot"]
[Black "Duncan, Christopher R"]
[Result "0-1"]
[WhiteElo "1881"]
[BlackElo "2334"]
[PlyCount "100"]
[EventDate "2015.10.03"]
[EventType "swiss"]
[EventRounds "9"]
[EventCountry "IOM"]
[SourceTitle "twic1065-1099"]
[Source "Mark Crowther"]
[SourceDate "2015.12.04"]
[SourceVersion "1"]
[SourceVersionDate "2015.12.04"]
[SourceQuality "1"]

1. e4 e6 2. Qe2 c5 3. Nf3 Nc6 4. g3 g6 5. Bg2 Bg7 6. c3 Nge7 7. O-O O-O 8. Re1
d6 9. d3 b5 10. Bf4 e5 11. Be3 Rb8 12. Nbd2 h6 13. c4 a6 14. Nf1 Kh7 15. Nh4
Nd4 16. Bxd4 cxd4 17. Nd2 Be6 18. Rec1 Qd7 19. Rc2 Rfc8 20. Rac1 Rc7 21. cxb5
Rxc2 22. Rxc2 axb5 23. b3 Rc8 24. Nb1 Rc7 25. Nf3 d5 26. Ne1 h5 27. Na3 b4 28.
Nb1 f6 29. Qd2 dxe4 30. dxe4 Nc6 31. Nd3 Bh6 32. Qe1 Qd6 33. Nd2 Rc8 34. Nc4
Qb8 35. Nc5 d3 36. Nxd3 Nd4 37. Rb2 Bf8 38. Ne3 Rc3 39. Rd2 Bh6 40. Rd1 Qb5 41.
Nb2 Kg7 42. Kh1 Bxe3 43. fxe3 Nc2 44. Qg1 Qe2 45. Bf1 Qf3+ 46. Bg2 Qxe3 47.
Qxe3 Nxe3 48. Rb1 Rc2 49. Bf3 Rf2 50. Bd1 Rf1# 0-1

[Event "PokerStars Masters 2nd"]
[Site "Douglas"]
[Date "2015.10.04"]
[Round "2.50"]
[White "Winter, Kevin"]
[Black "Gaehwiler, Gabriel"]
[Result "0-1"]
[WhiteElo "1811"]
[BlackElo "2328"]
[PlyCount "64"]
[EventDate "2015.10.03"]
[EventType "swiss"]
[EventRounds "9"]
[EventCountry "IOM"]
[SourceTitle "twic1065-1099"]
[Source "Mark Crowther"]
[SourceDate "2015.12.04"]
[SourceVersion "1"]
[SourceVersionDate "2015.12.04"]
[SourceQuality "1"]

1. e4 c5 2. Nf3 d6 3. d4 cxd4 4. Nxd4 Nf6 5. Nc3 a6 6. Bc4 e6 7. Bb3 Be7 8. O-O
b5 9. Qf3 Qb6 10. Be3 Qb7 11. a3 Nbd7 12. Bg5 Nc5 13. Rfe1 O-O 14. Rad1 Bd7 15.
e5 dxe5 16. Qxb7 Nxb7 17. Rxe5 Rfe8 18. Ree1 Nc5 19. Ba2 Rac8 20. f3 Bd8 21. b4
Nb7 22. Nde2 Bc6 23. Bb3 Be7 24. Rd3 a5 25. Bxf6 gxf6 26. Rd4 f5 27. bxa5 Nxa5
28. Kf1 Bxa3 29. Nb1 Bc5 30. Rh4 Nxb3 31. cxb3 Red8 32. Ng3 b4 0-1

[Event "PokerStars Masters 2nd"]
[Site "Douglas"]
[Date "2015.10.04"]
[Round "2.51"]
[White "Zwahr, Paul"]
[Black "Weinstein, Shaul"]
[Result "1-0"]
[WhiteElo "2326"]
[BlackElo "1991"]
[PlyCount "61"]
[EventDate "2015.10.03"]
[EventType "swiss"]
[EventRounds "9"]
[EventCountry "IOM"]
[SourceTitle "twic1065-1099"]
[Source "Mark Crowther"]
[SourceDate "2015.12.04"]
[SourceVersion "1"]
[SourceVersionDate "2015.12.04"]
[SourceQuality "1"]

1. e4 e5 2. Nf3 Nc6 3. Bb5 a6 4. Ba4 Nf6 5. O-O Nxe4 6. d4 b5 7. Bb3 d5 8. dxe5
Be6 9. Nbd2 Be7 10. c3 O-O 11. Bc2 Nxd2 12. Qxd2 Re8 13. Qf4 Qd7 14. Be3 f6 15.
Bd4 fxe5 16. Nxe5 Nxd4 17. cxd4 Qd6 18. Qf3 Bf6 19. Rae1 Bxe5 20. Rxe5 g6 21.
Qe3 Bf7 22. f4 Rxe5 23. fxe5 Qe6 24. Rf6 Qg4 25. e6 Be8 26. Rf4 Qh5 27. e7 Bd7
28. g4 Qh4 29. Qe5 c6 30. Rf8+ Rxf8 31. Qh8+ 1-0

[Event "PokerStars Masters 2nd"]
[Site "Douglas"]
[Date "2015.10.05"]
[Round "3.3"]
[White "Sargissian, Gabriel"]
[Black "Kuzubov, Yuriy"]
[Result "1/2-1/2"]
[WhiteElo "2679"]
[BlackElo "2641"]
[PlyCount "114"]
[EventDate "2015.10.03"]
[EventType "swiss"]
[EventRounds "9"]
[EventCountry "IOM"]
[SourceTitle "twic1065-1099"]
[Source "Mark Crowther"]
[SourceDate "2015.12.04"]
[SourceVersion "1"]
[SourceVersionDate "2015.12.04"]
[SourceQuality "1"]

1. d4 f5 2. c4 Nf6 3. Nc3 d6 4. Nf3 g6 5. Bf4 Bg7 6. e3 O-O 7. Be2 Nc6 8. Qb3
Nh5 9. Rd1 Kh8 10. O-O Bd7 11. h3 Nxf4 12. exf4 Qc8 13. Rfe1 a5 14. a3 a4 15.
Qc2 Re8 16. c5 dxc5 17. dxc5 e5 18. fxe5 Nxe5 19. Nxe5 Rxe5 20. Bf3 Rxe1+ 21.
Rxe1 Be8 22. c6 bxc6 23. Nxa4 Qb7 24. Re2 Qb5 25. Nc5 Bf7 26. Ne6 Bxe6 27. Bxc6
Bb3 28. Bxb5 Bxc2 29. Rxc2 Rd8 30. Be2 Bh6 31. a4 Rd2 32. Rxd2 Bxd2 33. Kf1 Kg7
34. Bc4 Kf6 35. Ke2 Ba5 36. Kd3 Ke5 37. Bg8 h6 38. Kc4 Bb6 39. Kb5 Kd6 40. f4
g5 41. Bh7 gxf4 42. Bxf5 Bd4 43. b4 c6+ 44. Kc4 Bf2 45. Bg4 Be1 46. Bf3 Kc7 47.
b5 cxb5+ 48. Kxb5 Kb8 49. Kc6 Ka7 50. Kd5 Bh4 51. Ke5 Bg5 52. Kf5 Kb6 53. Kg4
Ka5 54. Bd1 Kb6 55. Kh5 Ka5 56. h4 Bd8 57. Kg4 Be7 1/2-1/2

[Event "PokerStars Masters 2nd"]
[Site "Douglas"]
[Date "2015.10.05"]
[Round "3.4"]
[White "Van Foreest, Jorden"]
[Black "Short, Nigel D"]
[Result "1/2-1/2"]
[WhiteElo "2548"]
[BlackElo "2678"]
[PlyCount "82"]
[EventDate "2015.10.03"]
[EventType "swiss"]
[EventRounds "9"]
[EventCountry "IOM"]
[SourceTitle "twic1065-1099"]
[Source "Mark Crowther"]
[SourceDate "2015.12.04"]
[SourceVersion "1"]
[SourceVersionDate "2015.12.04"]
[SourceQuality "1"]

1. e4 e5 2. Nf3 Nc6 3. Bb5 a6 4. Ba4 Nf6 5. O-O Be7 6. d3 d6 7. c3 O-O 8. Re1
Nd7 9. d4 exd4 10. cxd4 Nb6 11. Bb3 Bg4 12. Nc3 Bf6 13. Be3 g6 14. Qd3 Bxf3 15.
gxf3 Bg7 16. Rad1 Kh8 17. f4 Qh4 18. Qe2 Ne7 19. Kh1 d5 20. e5 c6 21. Rg1 f6
22. Bc2 Rae8 23. Rg3 fxe5 24. fxe5 Nf5 25. Kg2 Nc4 26. Rh3 Qe7 27. Bc1 Kg8 28.
Kh1 Qe6 29. Rf3 b5 30. b3 Nxd4 31. Rxf8+ Rxf8 32. Rxd4 Qxe5 33. Rd1 Qxe2 34.
Nxe2 Rxf2 35. bxc4 Rxe2 36. Bd3 Rxa2 37. cxd5 cxd5 38. Bf1 Ra1 39. Bg2 d4 40.
Bd5+ Kh8 41. Re1 Bh6 1/2-1/2

[Event "PokerStars Masters 2nd"]
[Site "Douglas"]
[Date "2015.10.05"]
[Round "3.5"]
[White "Greenfeld, Alon"]
[Black "Granda Zuniga, Julio E"]
[Result "1/2-1/2"]
[WhiteElo "2534"]
[BlackElo "2667"]
[PlyCount "62"]
[EventDate "2015.10.03"]
[EventType "swiss"]
[EventRounds "9"]
[EventCountry "IOM"]
[SourceTitle "twic1065-1099"]
[Source "Mark Crowther"]
[SourceDate "2015.12.04"]
[SourceVersion "1"]
[SourceVersionDate "2015.12.04"]
[SourceQuality "1"]

1. Nf3 Nf6 2. c4 b6 3. d4 e6 4. g3 Bb7 5. Bg2 Be7 6. O-O O-O 7. Bf4 d6 8. Nc3
Ne4 9. Rc1 Nd7 10. Qb3 Qb8 11. Rfd1 Re8 12. Nxe4 Bxe4 13. Bh3 Bf6 14. Ng5 Bb7
15. Qc2 Nf8 16. d5 e5 17. Bd2 Bxg5 18. Bxg5 a5 19. b3 Bc8 20. Bg2 f5 21. a3 Bd7
22. e4 Qc8 23. exf5 Bxf5 24. Be4 Bxe4 25. Qxe4 Nd7 26. b4 axb4 27. axb4 Ra4 28.
Qc2 Qa8 29. Qf5 Qc8 30. Qc2 Qa8 31. Qf5 Qc8 1/2-1/2

[Event "PokerStars Masters 2nd"]
[Site "Douglas"]
[Date "2015.10.05"]
[Round "3.6"]
[White "Movsesian, Sergei"]
[Black "Brunello, Sabino"]
[Result "1-0"]
[WhiteElo "2658"]
[BlackElo "2553"]
[PlyCount "85"]
[EventDate "2015.10.03"]
[EventType "swiss"]
[EventRounds "9"]
[EventCountry "IOM"]
[SourceTitle "twic1065-1099"]
[Source "Mark Crowther"]
[SourceDate "2015.12.04"]
[SourceVersion "1"]
[SourceVersionDate "2015.12.04"]
[SourceQuality "1"]

1. Nf3 d5 2. g3 Bg4 3. Bg2 c6 4. c4 e6 5. O-O Nd7 6. cxd5 exd5 7. d3 Bd6 8. Nc3
Ne7 9. h3 Bh5 10. e4 O-O 11. Qc2 Rc8 12. Ne2 f6 13. Nf4 Bf7 14. Nd4 Re8 15. Rd1
Qb6 16. Nb3 d4 17. Nd2 Qa6 18. b3 c5 19. Nc4 b5 20. Nxd6 Qxd6 21. Bb2 Nc6 22.
Qd2 Nb6 23. Ba3 a5 24. Rab1 b4 25. Bc1 a4 26. g4 Na7 27. Rf1 Nb5 28. Nh5 Nc3
29. Rb2 Rc7 30. Ng3 Ra7 31. g5 axb3 32. axb3 Ra3 33. Nf5 Qd8 34. gxf6 Qxf6 35.
Qc2 Nc8 36. f4 Qe6 37. Ng3 Qa6 38. f5 Na7 39. f6 gxf6 40. Qd2 Kh8 41. Qh6 f5
42. Qh4 Rg8 43. Bg5 1-0

[Event "PokerStars Masters 2nd"]
[Site "Douglas"]
[Date "2015.10.05"]
[Round "3.7"]
[White "Hamitevici, Vladimir"]
[Black "Melkumyan, Hrant"]
[Result "0-1"]
[WhiteElo "2439"]
[BlackElo "2622"]
[PlyCount "36"]
[EventDate "2015.10.03"]
[EventType "swiss"]
[EventRounds "9"]
[EventCountry "IOM"]
[SourceTitle "twic1065-1099"]
[Source "Mark Crowther"]
[SourceDate "2015.12.04"]
[SourceVersion "1"]
[SourceVersionDate "2015.12.04"]
[SourceQuality "1"]

1. d4 Nf6 2. Nf3 g6 3. Nbd2 d5 4. e3 Bg7 5. b4 O-O 6. Bb2 Bf5 7. c4 c6 8. a4
Ne4 9. Qb3 a5 10. b5 Nd7 11. cxd5 cxd5 12. Qxd5 Nxd2 13. Nxd2 e5 14. Be2 Rc8
15. Nf3 Rc2 16. Ba3 Qc7 17. Qb3 Be6 18. Qd3 e4 0-1

[Event "PokerStars Masters 2nd"]
[Site "Douglas"]
[Date "2015.10.05"]
[Round "3.10"]
[White "Naiditsch, Arkadij"]
[Black "Gormally, Daniel"]
[Result "1-0"]
[WhiteElo "2682"]
[BlackElo "2500"]
[PlyCount "85"]
[EventDate "2015.10.03"]
[EventType "swiss"]
[EventRounds "9"]
[EventCountry "IOM"]
[SourceTitle "twic1065-1099"]
[Source "Mark Crowther"]
[SourceDate "2015.12.04"]
[SourceVersion "1"]
[SourceVersionDate "2015.12.04"]
[SourceQuality "1"]

1. e4 c5 2. Nf3 d6 3. d4 cxd4 4. Nxd4 Nf6 5. Nc3 a6 6. Bg5 e6 7. f4 Be7 8. Qf3
Qc7 9. O-O-O Nbd7 10. Bd3 h6 11. Qh3 Nc5 12. Rhe1 Bd7 13. e5 dxe5 14. fxe5 Nd5
15. Bxe7 Nxe7 16. Qg3 O-O 17. Ne4 Nxe4 18. Rxe4 Nf5 19. Qf4 Nxd4 20. Rxd4 Bb5
21. c4 Rfd8 22. Bc2 Rxd4 23. Rxd4 Bc6 24. g3 Rd8 25. b4 b5 26. Rd6 bxc4 27.
Qxc4 Rc8 28. Kb2 Qb7 29. Qd4 Bd5 30. Qb6 Qe7 31. Qxa6 Rb8 32. Rb6 Rd8 33. Qd3
Qc7 34. Rd6 Rxd6 35. exd6 Qxd6 36. Qc3 Kf8 37. a4 Ke7 38. b5 g5 39. a5 Kd7 40.
Ba4 h5 41. b6+ Kd8 42. Bb5 Ke7 43. Qc7+ 1-0

[Event "PokerStars Masters 2nd"]
[Site "Douglas"]
[Date "2015.10.05"]
[Round "3.11"]
[White "Jones, Gawain C"]
[Black "Sundararajan, Kidambi"]
[Result "0-1"]
[WhiteElo "2623"]
[BlackElo "2497"]
[PlyCount "70"]
[EventDate "2015.10.03"]
[EventType "swiss"]
[EventRounds "9"]
[EventCountry "IOM"]
[SourceTitle "twic1065-1099"]
[Source "Mark Crowther"]
[SourceDate "2015.12.04"]
[SourceVersion "1"]
[SourceVersionDate "2015.12.04"]
[SourceQuality "1"]

1. e4 e6 2. d4 d5 3. Nd2 c5 4. Ngf3 Nc6 5. exd5 exd5 6. Bb5 Bd6 7. dxc5 Bxc5 8.
O-O Nge7 9. Nb3 Bd6 10. h3 O-O 11. c3 Bf5 12. Be3 Qc7 13. Nbd4 Rad8 14. Nxf5
Nxf5 15. Bg5 Be7 16. Bd3 Bxg5 17. Nxg5 h6 18. Bxf5 hxg5 19. Qh5 g6 20. Qxg5 Qe5
21. g4 d4 22. Rae1 Qg7 23. Be4 dxc3 24. bxc3 Qxc3 25. Re3 Qd4 26. Rb1 Rd7 27.
h4 Ne5 28. h5 Qxe4 29. Rxe4 Nf3+ 30. Kg2 Nxg5 31. Re5 Ne6 32. hxg6 Nf4+ 33. Kg3
fxg6 34. Rbe1 Rh7 35. g5 Nd3 0-1

[Event "PokerStars Masters 2nd"]
[Site "Douglas"]
[Date "2015.10.05"]
[Round "3.12"]
[White "L'Ami, Erwin"]
[Black "Paehtz, Elisabeth"]
[Result "1-0"]
[WhiteElo "2619"]
[BlackElo "2447"]
[PlyCount "77"]
[EventDate "2015.10.03"]
[EventType "swiss"]
[EventRounds "9"]
[EventCountry "IOM"]
[SourceTitle "twic1065-1099"]
[Source "Mark Crowther"]
[SourceDate "2015.12.04"]
[SourceVersion "1"]
[SourceVersionDate "2015.12.04"]
[SourceQuality "1"]

1. d4 d5 2. c4 c6 3. Nf3 Nf6 4. Nc3 a6 5. e3 e6 6. b3 Bb4 7. Bd2 Bd6 8. Bd3 c5
9. cxd5 exd5 10. e4 cxd4 11. Nxd5 Nxd5 12. exd5 O-O 13. O-O Bg4 14. Re1 Qf6 15.
Bg5 Qxg5 16. Nxg5 Bxd1 17. Bxh7+ Kh8 18. Raxd1 g6 19. Rxd4 Kg7 20. Rg4 Nd7 21.
Bxg6 fxg6 22. Ne6+ Kf6 23. Nxf8 Nxf8 24. h4 Rc8 25. Rc4 Rd8 26. g3 Be5 27. f4
Bb8 28. Rd1 Bd6 29. Kg2 Nd7 30. Kf3 Kf7 31. g4 Re8 32. g5 Nb6 33. Rc2 Nc8 34.
Kg4 Ne7 35. Re2 Rh8 36. Re6 Nf5 37. h5 Rxh5 38. Rf6+ Kg7 39. Rxf5 1-0

[Event "PokerStars Masters 2nd"]
[Site "Douglas"]
[Date "2015.10.05"]
[Round "3.13"]
[White "Sengupta, Deep"]
[Black "Swayams, Mishra"]
[Result "1-0"]
[WhiteElo "2580"]
[BlackElo "2444"]
[PlyCount "133"]
[EventDate "2015.10.03"]
[EventType "swiss"]
[EventRounds "9"]
[EventCountry "IOM"]
[SourceTitle "twic1065-1099"]
[Source "Mark Crowther"]
[SourceDate "2015.12.04"]
[SourceVersion "1"]
[SourceVersionDate "2015.12.04"]
[SourceQuality "1"]

1. e4 e6 2. d4 d5 3. Nd2 c5 4. Ngf3 Nf6 5. exd5 exd5 6. Bb5+ Bd7 7. Bxd7+ Nbxd7
8. O-O Be7 9. dxc5 Nxc5 10. Nb3 Nce4 11. Bf4 O-O 12. c3 Bd6 13. Bxd6 Qxd6 14.
Nfd4 Rfe8 15. f3 Ng5 16. Qd2 Ne6 17. Rfe1 a6 18. Rad1 h6 19. Nf5 Qb6+ 20. Qf2
Qxf2+ 21. Kxf2 Rad8 22. Rd2 Rd7 23. Nbd4 Kf8 24. Re3 h5 25. Rde2 Nxd4 26. Nxd4
g6 27. Rd3 Rxe2+ 28. Nxe2 Ke7 29. h4 Kd6 30. Nf4 a5 31. Rd4 b6 32. Ke3 Re7+ 33.
Kd2 Kc6 34. a4 Re5 35. b4 axb4 36. cxb4 Re7 37. Ne2 Ne8 38. Nc3 Nc7 39. Rd3 Rd7
40. Ne2 Ne6 41. Rc3+ Kd6 42. Kd3 Ra7 43. Ra3 Rc7 44. Rc3 Ra7 45. Ra3 Rc7 46. a5
bxa5 47. bxa5 Ra7 48. Nd4 Ra6 49. g4 Ke5 50. Nc2 Nc5+ 51. Ke3 Ra8 52. Nd4 hxg4
53. fxg4 f5 54. Nf3+ Ke6 55. g5 Ra6 56. Kf4 Nb7 57. Ne5 Rxa5 58. Rxa5 Nxa5 59.
Nxg6 Nc4 60. h5 d4 61. h6 d3 62. h7 d2 63. h8=Q d1=Q 64. Qc8+ Kf7 65. Qxf5+ Ke8
66. Qe6+ Kd8 67. Qg8+ 1-0